Practical image and video processing using MATLAB / (Record no. 592067)
[ view plain ]
| 000 -LEADER | |
|---|---|
| fixed length control field | 01200cam a22003254a 4500 |
| 001 - CONTROL NUMBER | |
| control field | 16663129 |
| 003 - CONTROL NUMBER IDENTIFIER | |
| control field | NUST |
| 005 - DATE AND TIME OF LATEST TRANSACTION | |
| control field | 20221027172144.0 |
| 008 - FIXED-LENGTH DATA ELEMENTS--GENERAL INFORMATION | |
| fixed length control field | 110223s2011 njua b 001 0 eng |
| 010 ## - LIBRARY OF CONGRESS CONTROL NUMBER | |
| LC control number | 2011008249 |
| 020 ## - INTERNATIONAL STANDARD BOOK NUMBER | |
| International Standard Book Number | 0470048158 (hardback) |
| 020 ## - INTERNATIONAL STANDARD BOOK NUMBER | |
| International Standard Book Number | 9780470048153 (hardback) |
| 035 ## - SYSTEM CONTROL NUMBER | |
| System control number | (OCoLC)ocn711777140 |
| 040 ## - CATALOGING SOURCE | |
| Original cataloging agency | DLC |
| Language of cataloging | eng |
| Transcribing agency | DLC |
| Modifying agency | YDX |
| -- | YDXCP |
| -- | BWX |
| -- | IXA |
| -- | CDX |
| -- | PUL |
| -- | OCLCQ |
| -- | BDX |
| -- | DEBBG |
| -- | DLC |
| 042 ## - AUTHENTICATION CODE | |
| Authentication code | pcc |
| 050 00 - LIBRARY OF CONGRESS CALL NUMBER | |
| Classification number | TA1637 |
| Item number | .M3375 2011 |
| 082 00 - DEWEY DECIMAL CLASSIFICATION NUMBER | |
| Classification number | 502.8566,MAR |
| Edition number | 22 |
| 084 ## - OTHER CLASSIFICATION NUMBER | |
| Classification number | TEC015000 |
| Number source | bisacsh |
| 084 ## - OTHER CLASSIFICATION NUMBER | |
| Classification number | ST 601 |
| Number source | rvk |
| 100 1# - MAIN ENTRY--PERSONAL NAME | |
| Personal name | Marques, Oge. |
| 9 (RLIN) | 101570 |
| 245 10 - TITLE STATEMENT | |
| Title | Practical image and video processing using MATLAB / |
| Statement of responsibility, etc. | Oge Marques. |
| 260 ## - PUBLICATION, DISTRIBUTION, ETC. | |
| Place of publication, distribution, etc. | Hoboken, N.J. : |
| Name of publisher, distributor, etc. | Wiley/IEEE Press, |
| Date of publication, distribution, etc. | c2011. |
| 300 ## - PHYSICAL DESCRIPTION | |
| Extent | xlix, 639 p. : |
| Other physical details | ill. (some col.) ; |
| Dimensions | 25 cm. |
| 505 ## - FORMATTED CONTENTS NOTE | |
| Formatted contents note | Part-1: Image Processing (Page-3), Part-2: Video Processing (Page-501), Appendix A: Human Visual Perception (Page-591), Appendix B: GUI Development (Page-611). |
| 630 00 - SUBJECT ADDED ENTRY--UNIFORM TITLE | |
| Uniform title | MATLAB. |
| 650 #0 - SUBJECT ADDED ENTRY--TOPICAL TERM | |
| Topical term or geographic name entry element | Image processing |
| General subdivision | Mathematics. |
| 9 (RLIN) | 55946 |
| 650 #0 - SUBJECT ADDED ENTRY--TOPICAL TERM | |
| Topical term or geographic name entry element | Image processing |
| General subdivision | Digital techniques. |
| 9 (RLIN) | 673 |
| 655 #0 - INDEX TERM--GENRE/FORM | |
| Genre/form data or focus term | Digital video |
| General subdivision | Mathematics. |
| 9 (RLIN) | 101571 |
| 942 ## - ADDED ENTRY ELEMENTS (KOHA) | |
| Source of classification or shelving scheme | |
| Koha item type | Book |
| Call number prefix | 502.8566,MAR |
| Withdrawn status | Lost status | Source of classification or shelving scheme | Damaged status | Not for loan | Permanent Location | Current Location | Shelving location | Date acquired | Full call number | Barcode | Date last seen | Price effective from | Koha item type | Public note |
|---|---|---|---|---|---|---|---|---|---|---|---|---|---|---|
| Military College of Signals (MCS) | Military College of Signals (MCS) | General Stacks | 10/27/2022 | 502.8566,MAR | MCS35058 | 10/27/2022 | 10/27/2022 | Book Bank | Almirah No. A/135, Shelf No.2 |
